00191nam a22000737a 4500020001800000100001700018245003700035260004500072 a9780062110664 a James Dean. aPete the Cat and the bad banana  aNew Yorkb HarperCollinsPublishersc2014